00717nam a2200181 a 450000100100000000500170001000800410002704000250006810000280009324500390012126000710016030000220023149000630025350400270031683000700034395201050041399900170051800002503520200930023525.0130408s1996 dr 000 0 spa d aDO-SdBNPbspacBNPHU1 aPiña, Nelly C.95043713aInforme final /cNelly C. Piña,. a[Santo Domingo] :bOrganización panamericana de la salud,c1996. a28 p. : ;c29 cm.1 aIntroducción a la metodología de la investigaciónv5 aBibliografía : p. 19 0aIntroducción a la metodología de la investigaciónv5950438 0010718PDaPDbPDcHDd2011-02-10iLF1l0o p25035-10r2020-06-25w2020-06-25yLFPDZNo se presta c24528d24528